000
00246nam a2200097Ia 4500
008
230508s1996 xx 000 0 und d
041
_a
eng
100
_a
ROBERT G GREEN
245
_a
MACHINERYS HANDBOOK GUIDE
260
_b
INDUSTRIAL PRESS, NE
_c
1996
999
_c
738322
_d
738322